000 00325nam a22001337a 4500
008 170321b xxu||||| |||| 00| 0 eng d
020 _a0721672884
041 _aeng
080 _22ND
_a616.12-008-073
100 _a7
101 _aSHM
245 _aESSENTIALS OF CARDIOPULMONARY PHYSICAL THERAPY
_cSADOWSKY
942 _2udc
_cBK
999 _c8237
_d8237